Inventari de centres i activitats de formació en el camp dels ensenyaments artístics a la província de Barcelona / Institut d'Estudis Metropolitans de Barcelona ; direcció de l'estudi Oriol Ne·lo Colom, Pilar Riera Figueras
Descripción Física:
112 p. : amb map. ; 30 cm
Colección:
Estudis ; 2
MARC
| LEADER | 00000nam a2200000Ia 4500 | ||
|---|---|---|---|
| 001 | 12098 | ||
| 008 | 160829s1998 xx 000 0 cat d | ||
| 080 | |a E-1-34 | ||
| 110 | 1 | |a Institut d'Estudis Metropolitans de Barcelona |9 52750 | |
| 245 | |a Inventari de centres i activitats de formació en el camp dels ensenyaments artístics a la província de Barcelona / Institut d'Estudis Metropolitans de Barcelona ; direcció de l'estudi Oriol Ne·lo Colom, Pilar Riera Figueras | ||
| 260 | |a Barcelona : |b Diputació de Barcelona, Àrea d'Educació, |c 1998 | ||
| 300 | |a 112 p. : |b amb map. ; |c 30 cm | ||
| 490 | |a Estudis ; 2 | ||
| 650 | |a Art |x Ensenyament |x Barcelona (Província) |9 25837 | ||
| 700 | 1 | |a Nel·lo, Oriol, |d 1957- |e director |9 20231 | |
| 700 | |a Riera i Figueras, Pilar, dir. |9 25839 |e director | ||
| 710 | |a Barcelona (Catalunya : Província). |b Àrea d'Educació |9 8009 | ||
| 901 | |a Arxiu | ||
| 942 | |n 1 |2 udc | ||
| 952 | |0 0 |1 0 |4 0 |6 E134 |7 1 |9 43811 |a Arxiu |b Arxiu |d 2016-12-01 |l 0 |o E-1-34 |p 12098 |r 2016-12-01 00:00:00 |w 2016-12-01 |y ARXIU | ||
| 999 | |c 46360 |d 46360 | ||